[Event "Regionalliga SO 9899"]
[Site "Bayern"]
[Date "1999.??.??"]
[Round "8.4"]
[White "Kranewitter, Norbert"]
[Black "Forster, Gert"]
[Result "1/2-1/2"]
[WhiteElo "1970"]
[BlackElo "2065"]
[PlyCount "94"]
[EventDate "1998.??.??"]
[EventType "team-tourn"]
[EventRounds "9"]
[EventCountry "GER"]
[SourceTitle "EXT 2020"]
[Source "ChessBase"]
[SourceDate "2019.10.17"]
[SourceVersion "1"]
[SourceVersionDate "2019.10.17"]
[SourceQuality "1"]
[WhiteTeam "Trostberg TSV"]
[BlackTeam "Pang/Rosenheim II"]
[WhiteTeamCountry "GER"]
[BlackTeamCountry "GER"]

1. e4 c6 2. Ne2 d5 3. e5 Bf5 4. Nd4 Qc8 5. Nxf5 Qxf5 6. d4 Qd7 7. Bd3 e6 8. 0-0 c5 9. dxc5 Bxc5 10. Qg4 g6 11. Nd2 Nc6 12. Re1 Nh6 13. Qa4 Nf5 14. Nb3 Bb6 15. Bb5 0-0 16. Bg5 a6 17. Bxc6 Qxc6 18. Qf4 Bd8 19. c3 Bxg5 20. Qxg5 Qc4 21. Rad1 Qh4 22. Qxh4 Nxh4 23. Nd4 Nf5 24. Nxf5 gxf5 25. f4 Rac8 26. Rd4 Rc5 27. Kf2 Rfc8 28. Kg3 Rc4 29. Red1 b5 30. a3 a5 31. Kf3 Kf8 32. Ke3 Ke7 33. Rxc4 bxc4 34. Kd4 Rg8 35. Rd2 Rc8 36. a4 Kf8 37. Rf2 Kg7 38. Rd2 Kg6 39. Rf2 Kh5 40. Rf3 Kg6 41. Rf2 h5 42. Rd2 h4 43. h3 Kg7 44. g3 hxg3 45. Rg2 Kh6 46. Rxg3 Kh7 47. Rg2 Kh6 1/2-1/2

[Event "Regionalliga SO 9899"]
[Site "Bayern"]
[Date "1998.??.??"]
[Round "1.4"]
[White "Forster, Gert"]
[Black "Tauber, Rainer"]
[Result "1/2-1/2"]
[WhiteElo "2035"]
[BlackElo "1975"]
[PlyCount "132"]
[EventDate "1998.??.??"]
[EventType "team-tourn"]
[EventRounds "9"]
[EventCountry "GER"]
[SourceTitle "EXT 2020"]
[Source "ChessBase"]
[SourceDate "2019.10.17"]
[SourceVersion "1"]
[SourceVersionDate "2019.10.17"]
[SourceQuality "1"]
[WhiteTeam "Pang/Rosenheim II"]
[BlackTeam "Deggendorf"]
[WhiteTeamCountry "GER"]
[BlackTeamCountry "GER"]

1. Nf3 Nf6 2. c4 e6 3. g3 d5 4. Bg2 c5 5. 0-0 dxc4 6. Na3 Be7 7. Nxc4 0-0 8. d4 Nc6 9. dxc5 Bxc5 10. Bf4 Nd5 11. Bd2 b5 12. Nce5 Nxe5 13. Nxe5 Bd6 14. Nc6 Qb6 15. Rc1 Bd7 16. Bxd5 exd5 17. Be3 Qb7 18. Qxd5 Bxc6 19. Qxc6 Qxc6 20. Rxc6 Be5 21. b3 Rfc8 22. Rfc1 Rxc6 23. Rxc6 a6 24. Kg2 Kf8 25. Kf3 Ke7 26. Rb6 f5 27. Rb7+ Ke6 28. Ra7 Rxa7 29. Bxa7 Kd5 30. Ke3 a5 31. Kd3 a4 32. f3 axb3 33. axb3 g5 34. e4+ fxe4+ 35. fxe4+ Ke6 36. Bd4 Bd6 37. Be3 h6 38. Ke2 Be5 39. Kf3 Kf6 40. h3 Kg6 41. g4 h5 42. Ke2 hxg4 43. hxg4 Bf6 44. Kd3 Kf7 45. Bd4 Be7 46. Be3 Ke6 47. Bb6 Kd6 48. Ba7 Bf6 49. Bd4 Bd8 50. Kc3 Ba5+ 51. Kb2 Ke6 52. Kc2 Bd8 53. Kd3 Kd6 54. b4 Ke6 55. Bc5 Bf6 56. Bf8 Be5 57. Ke3 Bf4+ 58. Kd4 Bd2 59. e5 Be1 60. Ke4 Bc3 61. Bd6 Bb2 62. Bc7 Bc3 63. Bd8 Bxe5 64. Bxg5 Bc3 65. Be3 Bxb4 66. g5 Be7 1/2-1/2

[Event "Regionalliga SO 9899"]
[Site "Bayern"]
[Date "1998.??.??"]
[Round "2.4"]
[White "Nowak, Marco"]
[Black "Forster, Gert"]
[Result "1/2-1/2"]
[WhiteElo "1950"]
[BlackElo "2035"]
[PlyCount "96"]
[EventDate "1998.??.??"]
[EventType "team-tourn"]
[EventRounds "9"]
[EventCountry "GER"]
[SourceTitle "EXT 2020"]
[Source "ChessBase"]
[SourceDate "2019.10.17"]
[SourceVersion "1"]
[SourceVersionDate "2019.10.17"]
[SourceQuality "1"]
[WhiteTeam "Straubing PSV"]
[BlackTeam "Pang/Rosenheim II"]
[WhiteTeamCountry "GER"]
[BlackTeamCountry "GER"]

1. e4 g6 2. d4 Bg7 3. Nf3 d6 4. Nc3 Nf6 5. Bg5 h6 6. Be3 c6 7. Qd2 b5 8. Bd3 a6 9. 0-0 Bg4 10. e5 Nd5 11. Nxd5 cxd5 12. exd6 exd6 13. Ne1 Nc6 14. c3 Be6 15. f4 f5 16. Nc2 Kf7 17. a4 Na5 18. Qe2 Nc4 19. Rfb1 Re8 20. Qf3 Rc8 21. axb5 axb5 22. Bxc4 dxc4 23. Qb7+ Re7 24. Qxb5 Rb8 25. Qc6 Rc7 26. Qf3 d5 27. Ra6 Bf8 28. Bc1 Rcb7 29. Qe2 Rb6 30. Rba1 Bd6 31. Ne1 Qc7 32. Rxb6 Rxb6 33. g3 Qb7 34. Nf3 Ra6 35. Rxa6 Qxa6 36. Nh4 Be7 37. Nf3 Bd6 38. Kg2 Qa1 39. Qc2 Bd7 40. h4 Ba4 41. Qd2 Qb1 42. Kf2 Qe4 43. Qe2 Qb1 44. Be3 Bc2 45. Ne5+ Bxe5 46. dxe5 Bd3 47. Qe1 Qxb2+ 48. Qd2 Qb3 1/2-1/2

[Event "Regionalliga SO 9495"]
[Site "Bayern"]
[Date "1995.??.??"]
[Round "?.5"]
[White "Forster, Gert"]
[Black "Leirich, Thomas"]
[Result "1-0"]
[WhiteElo "2045"]
[BlackElo "1920"]
[PlyCount "111"]
[EventDate "1994.10.??"]
[EventType "team-tourn"]
[EventRounds "9"]
[EventCountry "GER"]
[SourceTitle "EXT 1999"]
[Source "ChessBase"]
[SourceDate "1998.11.16"]
[SourceVersion "1"]
[SourceVersionDate "1998.11.16"]
[SourceQuality "1"]
[WhiteTeam "Pang/Rosenheim II"]
[BlackTeam "Passau II"]
[WhiteTeamCountry "GER"]
[BlackTeamCountry "GER"]

1. Nf3 Nf6 2. c4 c5 3. d4 cxd4 4. Nxd4 e5 5. Nb5 d5 6. cxd5 Bc5 7. e3 0-0 8. N5c3 e4 9. Be2 Re8 10. a3 Na6 11. Nd2 Nc7 12. Qc2 Qe7 13. Bc4 Bf5 14. Nb3 Bd6 15. Nd4 Bg6 16. Qb3 Ng4 17. Be2 Ne5 18. Ncb5 Nxb5 19. Nxb5 Bb8 20. Bd2 a6 21. Nd4 Bd6 22. 0-0 Qh4 23. g3 Qh3 24. Bb4 Bb8 25. d6 Rd8 26. Rfd1 Ng4 27. Bxg4 Qxg4 28. Qd5 Bh5 29. Rd2 a5 30. Bc5 Rd7 31. Qe5 f6 32. Qd5+ Bf7 33. Qf5 Qxf5 34. Nxf5 Be6 35. Ne7+ Kf7 36. Nc8 Ra6 37. Nb6 Rd8 38. Na4 Bb3 39. Nc3 b6 40. Bd4 f5 41. Be5 g6 42. Bf4 Bc4 43. Rd4 Bb3 44. Nb5 Be6 45. Bg5 Rd7 46. Rc1 Rb7 47. Rc7+ Bxc7 48. dxc7 Raa7 49. Nd6+ Kg7 50. c8Q Bxc8 51. Nxc8 Ra8 52. Nd6 Rc7 53. Nb5 Rf7 54. Bd8 Rb8 55. Bc7 Rb7 56. Be5+ 1-0

[Event "Regionalliga SO 9495"]
[Site "Bayern"]
[Date "1995.??.??"]
[Round "?.6"]
[White "Forster, Gert"]
[Black "Zankl, Thomas"]
[Result "1-0"]
[WhiteElo "2045"]
[BlackElo "1825"]
[PlyCount "51"]
[EventDate "1994.10.??"]
[EventType "team-tourn"]
[EventRounds "9"]
[EventCountry "GER"]
[SourceTitle "EXT 1999"]
[Source "ChessBase"]
[SourceDate "1998.11.16"]
[SourceVersion "1"]
[SourceVersionDate "1998.11.16"]
[SourceQuality "1"]
[WhiteTeam "Pang/Rosenheim II"]
[BlackTeam "Pfarrkirchen SC"]
[WhiteTeamCountry "GER"]
[BlackTeamCountry "GER"]

1. c4 e5 2. Nc3 f5 3. g3 Nf6 4. Bg2 g6 5. d4 e4 6. Nh3 Bg7 7. Bg5 c6 8. 0-0 0-0 9. Qd2 Na6 10. d5 Nc7 11. Rad1 Qe8 12. Bf4 Na6 13. Bd6 cxd5 14. Bxf8 Kxf8 15. Nxd5 Qe5 16. Nxf6 Bxf6 17. b3 Rb8 18. Qe3 b6 19. Nf4 Nb4 20. a3 Nc2 21. Qd2 Nxa3 22. Nd5 b5 23. Qa5 Nc2 24. Nxf6 Qxf6 25. Qxa7 Rb7 26. Qc5+ 1-0

[Event "Regionalliga SO 9495"]
[Site "Bayern"]
[Date "1994.??.??"]
[Round "?.7"]
[White "Forster, Gert"]
[Black "Schnabel, Hans"]
[Result "1-0"]
[WhiteElo "2045"]
[BlackElo "1970"]
[PlyCount "75"]
[EventDate "1994.10.??"]
[EventType "team-tourn"]
[EventRounds "9"]
[EventCountry "GER"]
[SourceTitle "EXT 1999"]
[Source "ChessBase"]
[SourceDate "1998.11.16"]
[SourceVersion "1"]
[SourceVersionDate "1998.11.16"]
[SourceQuality "1"]
[WhiteTeam "Pang/Rosenheim II"]
[BlackTeam "Freising SK"]
[WhiteTeamCountry "GER"]
[BlackTeamCountry "GER"]

1. Nf3 d5 2. c4 c6 3. d4 Nf6 4. Nc3 e6 5. Qc2 Nbd7 6. e4 dxe4 7. Nxe4 Nxe4 8. Qxe4 Nf6 9. Qc2 Bb4+ 10. Bd2 Bxd2+ 11. Qxd2 Ne4 12. Qb4 c5 13. dxc5 Qc7 14. Rd1 0-0 15. Bd3 Nxc5 16. Bb1 b6 17. Qd2 Bb7 18. Qe3 e5 19. 0-0 f6 20. Bf5 g6 21. Bb1 Rad8 22. h4 Qf7 23. b3 e4 24. Nd4 f5 25. Nb5 f4 26. Qh3 Qf6 27. Nc7 Bc8 28. Qh2 f3 29. Nd5 Qe6 30. Nf4 Qf7 31. Rxd8 Rxd8 32. Nd5 Be6 33. Qc7 Rd7 34. Qb8+ Kg7 35. Qe5+ Kh6 36. Nf6 Rd8 37. Qg5+ Kg7 38. Nh5+ 1-0